000
00272 a2200109 4500
000
nam a22 7a 4500
005
20260206135914.0
100
_a
Bose, Bimal K.
_9
1114234
245
_a
Modern Power Electronics and AC Drives
260
_b
Pearson
_c
2023
942
_c
TEXL
999
_c
1678812
_d
1678812